000 00825nam a22002177a 4500
999 _c61106
_d61106
005 20231219170748.0
008 231219s1980 ru ||||| |||| 00| 0 rus d
041 _arus
080 _a94(47) A-38
100 _aАшуров, В.Н.
_920795
245 _a Историческое краеведение /
_cВ.Н. Ашуров, Д.В. Кацюба, Г.Н. Матюшин.
264 _aМ.:
_bПросвещение,
_c1980.
300 _a192 с.:
_bил.;
_c22 см.
653 _aისტორია
653 _aმხარეთმცოდნეობა
653 _aეთნოგრაფია
653 _aარქიტექტურა
700 _aКацюба, Д.В.
_eავტორი
_920796
700 _aМатюшин, Г.Н.
_eავტორი
_920797
942 _2udc
_cᲬᲘᲒᲜᲘ